Saite and Persian demotic cattle documents : a study in legal forms and principles in ancient Egypt /

محفوظ في:

المؤلف الرئيسي: Cruz-Uribe, Eugene, 1952- (مؤلف)

التنسيق: كتاب

اللغة: English

منشور في: Chico, California : Scholars Press, c1985.

سلاسل: American Studies in Papyrology ; 26.
ASP ; 26.

الموضوعات:

الوسوم: إضافة وسم

لا توجد وسوم, كن أول من يضع وسما على هذه التسجيلة!

رقم الطلب: PA3339 .A51 v.26

LEADER 01186nam a22003137a 4500
003 OSt
005 20250929124229.0
008 250929t1985 cauaf g b 001 0 eng d
010 |a 85002267 
020 |a 0891308547 
040 |c ARCE Library 
043 |a f-ua--- 
050 1 4 |a PA3339  |b .A51 v.26 
100 1 |a Cruz-Uribe, Eugene,  |d 1952-  |e author 
245 1 0 |a Saite and Persian demotic cattle documents :   |b a study in legal forms and principles in ancient Egypt /   |c Eugene Cruz-Uribe. 
264 1 |a Chico, California :   |b Scholars Press,   |c c1985. 
300 |a xvi, 126 pages [8] pages of plates :   |b illustrations ;   |c 24 cm. 
490 1 |a American Studies in Papyrology ;   |v 26. 
490 1 |a ASP ;   |v 26. 
500 |a Originally presented as the author's thesis (Ph. D.) -- University of Chicago, 1983. 
504 |a Includes bibliographical references (pages 103-111) and index. 
650 0 |a Cattle  |x Marketing  |x Law and legislation  |z Egypt  |x History. 
650 0 |a Egyptian language  |x Writing, Demotic. 
650 0 |a Egyptian law  |x History. 
830 0 |a American Studies in Papyrology ;   |v 26. 
830 0 |a ASP ;   |v 26. 
901 |a reviewed 
942 |c BK  |2 lcc 
999 |c 22334  |d 22334